000 00876nmm a2200265 a 4500
001 ocm0002347375
003 TR-IsHL
005 20201028184721.0
008 190516s2019 tu eng
007 cr cn
020 _a9786057861368
035 _a2347375
_b(N$T)
050 0 4 _aPS2600
_b.M37 2019
090 0 4 _aPS2600
_b.M37 2019
100 1 _aPoe, Edgar Allan
245 1 0 _aThe masque of the red death
_h[electronic resource] /
_cEdgar Allan Poe
260 _aİstanbul :
_be-Kitap Projesi & Cheapest Books,
_c2019
300 _a21 p.
650 4 _aDil ve Edebiyat
650 4 _aLanguage and Literature
650 0 _aKorku hikayeleri, Amerikan
650 0 _aHorror tales, American
650 7 _aLITERARY COLLECTIONS / American / General
_2bisacsh
856 4 0 _uhttp://search.ebscohost.com/login.aspx?direct=true&scope=site&db=e011xww&AN=2347375
999 _c21131
_d21131